[Event "Fynsmesterskabet 2011"]
[Site "Odense DEN"]
[Date "2011.06.04"]
[Round "7"]
[White "Hagen,Andr"]
[Black "Frisk,E"]
[Result "1/2-1/2"]
[WhiteElo "2346"]
[BlackElo "2162"]

1.c4 c6 2.g3 d5 3.Nf3 Bg4 4.Bg2 e6 5.cxd5 Bxf3 6.Bxf3 cxd5 7.O-O Nf6 8.Nc3 Be7
9.d3 Nc6 10.Qa4 O-O 11.Bf4 Qd7 12.Rfc1 Rfc8 13.Bg2 a6 14.Qd1 Qd8 15.Na4 Na5
16.Bd2 b5 17.b4 bxa4 18.bxa5 Qd7 19.Be3 Bb4 20.Bb6 Bc3 21.Rab1 a3 22.d4 Bb2
23.Rc5 Qb7 24.Qc2 Nd7 25.e4 Nxb6 26.axb6 Bxd4 27.Rc7 Rxc7 28.bxc7 Bb2 29.exd5 exd5
30.Bxd5  1/2-1/2

[Event "1st ICC Open Final"]
[Site "ICC INT"]
[Date "2011.06.05"]
[Round "1.1"]
[White "Andreikin,D"]
[Black "Hovhannisyan,R"]
[Result "1/2-1/2"]
[WhiteElo "2687"]
[BlackElo "2553"]

1.c4 c6 2.e4 d5 3.exd5 Nf6 4.Nc3 cxd5 5.cxd5 Nxd5 6.Nf3 Nc6 7.Bb5 e6 8.O-O Be7
9.d4 O-O 10.Re1 Bf6 11.Ne4 Bd7 12.Bd3 Nce7 13.Nxf6+ Nxf6 14.Bg5 Ng6 15.Ne5 Bc6
16.Nxc6 bxc6 17.Rc1 Qxd4 18.Bxg6 Qxd1 19.Bxf7+ Rxf7 20.Rexd1 Rc8 21.Bxf6 Rxf6
22.Rd7 a5 23.g3 a4 24.Ra7 Rb8 25.Rxc6 Rxb2 26.Rc8+ Rf8 27.Rxf8+ Kxf8 28.Rxa4 Kf7
29.Kg2 Kf6 30.Kf3 h5 31.h4 g6 32.Ra8 Rc2 33.a4 Ra2 34.a5 Ke5 35.a6 Kf6 36.Ke3 Kg7
37.Kd4 Rxf2 38.Rb8 Ra2 39.Rb7+ Kf6 40.a7 Kf5 41.Rg7 e5+ 42.Kc5 e4 43.Kb6 e3
44.Re7 Rb2+ 45.Kc7 Ra2 46.Kb8 Rb2+ 47.Kc8 Rc2+ 48.Kb8 Rb2+ 49.Kc8 Rc2+ 50.Kb8  1/2-1/2

[Event "1st ICC Open Final"]
[Site "ICC INT"]
[Date "2011.06.05"]
[Round "1.3"]
[White "Andreikin,D"]
[Black "Hovhannisyan,R"]
[Result "1/2-1/2"]
[WhiteElo "2687"]
[BlackElo "2553"]

1.c4 c6 2.e4 d5 3.exd5 Nf6 4.Nc3 cxd5 5.cxd5 Nxd5 6.Nf3 Nc6 7.Bb5 e6 8.O-O Be7
9.d4 O-O 10.Re1 Bd7 11.h3 Bf6 12.Ne4 Nce7 13.Bd3 Bc6 14.Nxf6+ Nxf6 15.Bg5 Ng6
16.Ne5 Qd5 17.Nxc6 Qxg5 18.Bxg6 bxc6 19.Be4 Nxe4 20.Rxe4 Rfd8 21.Qc2 Rac8
22.Rc1 g6 23.h4 Qd5 24.b3 h5 25.g3 Rd6 26.Rce1 Rcd8 27.Qc5 Qxc5 28.dxc5 Rd2
29.Ra4 Rc2 30.Rxa7 Rdd2 31.Rf1 Rxc5 32.a4 Rcc2 33.Rb7 Ra2 34.Rb6 Rdb2 35.Rxc6 Rxb3
36.Rc4 Rba3 37.Kg2 Rxa4 38.Rxa4 Rxa4 39.Rd1 Kg7 40.Rd2 Kf6 41.Rc2 Ra5 42.Rc3 Rd5
43.Rb3 Ke5 44.Rc3 Kf5 45.Rf3+ Ke5 46.Rxf7 Rd2 47.Kf3 Rd3+ 48.Ke2 Ra3 49.Kf1 Ra2
50.Kg2 Ra3 51.f4+ Ke4 52.Rf6 Ra2+ 53.Kh3 Kf3 54.Rxe6 Ra1 55.Kh2 Ra2+ 56.Kh3 Ra1
57.Kh2 Ra2+ 58.Kh3 Ra1  1/2-1/2

[Event "38th OKU 2011"]
[Site "Utrecht NED"]
[Date "2011.06.05"]
[Round "5.16"]
[White "Boulahfa,H"]
[Black "Sparreboom,W"]
[Result "1-0"]
[WhiteElo "2079"]
[BlackElo "1953"]

1.c4 c6 2.e4 d5 3.exd5 cxd5 4.d4 Nf6 5.Nc3 e6 6.Nf3 Nbd7 7.a3 dxc4 8.Bxc4 a6
9.Ba2 Be7 10.O-O O-O 11.Bf4 b5 12.d5 exd5 13.Nxd5 Nxd5 14.Qxd5 Ra7 15.Rfd1 Qb6
16.Rac1 Nf6 17.Qxf7+ Rxf7 18.Rxc8+ Bf8 19.Rdd8 Qxd8 20.Rxd8 Re7 21.Ne5 g5
22.Bxf7+ Kg7 23.Bg3 Ng4 24.Nf3 Kxf7 25.Nxg5+ Kg6 26.f3 Kxg5 27.Rxf8 Nf6 28.Bh4+ Kxh4
29.Rxf6 Re1+ 30.Kf2 Rb1 31.Rf4+ Kg5 32.Rb4 Rc1 33.Kg3 h5 34.h4+ Kf5 35.a4 Rc5
36.axb5 axb5 37.Rf4+ Ke5 38.Rf8 Kd4 39.Rg8 Rc2 40.Rg5 Rxb2 41.Rxh5 b4 42.Rb5 Kc4
43.Rb8 Rd2 44.h5 b3 45.h6 Rd7 46.Kh4 Kc3 47.g4 b2 48.Kh5 Rd1 49.g5 b1=Q 50.Rxb1 Rxb1
51.h7 Kd4 52.Kg6 Rh1 53.Kg7 Ke5 54.h8=Q Rxh8 55.Kxh8  1-0

[Event "TCh-BIH w 2011"]
[Site "Neum BIH"]
[Date "2011.06.06"]
[Round "3.2"]
[White "Benderac,A"]
[Black "Dedijer,S"]
[Result "1-0"]
[WhiteElo "2311"]
[BlackElo "2056"]

1.c4 c6 2.g3 Nf6 3.Bg2 d5 4.cxd5 cxd5 5.Nf3 g6 6.O-O Bg7 7.d3 O-O 8.Nc3 Nc6
9.Bd2 b6 10.Rc1 Bb7 11.a3 Qd7 12.b4 Rfc8 13.b5 Na5 14.a4 d4 15.Na2 Nd5 16.Bxa5 bxa5
17.Nd2 a6 18.Rb1 axb5 19.axb5 Nb6 20.Bxb7 Qxb7 21.Qb3 a4 22.Qa3 Rc2 23.Rfd1 Bh6
24.Nf3 Bg7 25.Rd2 Rac8 26.Nb4 Rxd2 27.Nxd2 Rc3 28.Qa2 Qc8 29.Nc6 Bf8 30.Nc4 Nxc4
31.dxc4 a3 32.b6 Qxc6 33.b7 Rc1+ 34.Rxc1 Qxb7 35.Qxa3 e5 36.Qa4 Bc5 37.Qe8+ Bf8
38.Qxe5 Qb2 39.Rd1 h6 40.Rxd4 Bg7 41.Rd8+ Kh7 42.Qxb2 Bxb2 43.c5 Kg7 44.c6  1-0

[Event "FSFMB June"]
[Site "Budapest HUN"]
[Date "2011.06.07"]
[Round "4"]
[White "Somogyi,G"]
[Black "Desormes,O"]
[Result "1-0"]
[WhiteElo "1960"]
[BlackElo "1760"]

1.c4 c6 2.Nc3 d5 3.d4 e6 4.Nf3 Bd6 5.Qc2 Nd7 6.a3 h6 7.e4 dxe4 8.Nxe4 Bc7
9.Bd3 Ngf6 10.O-O Nxe4 11.Bxe4 Nf6 12.Bd3 O-O 13.b4 Qe7 14.Re1 Rd8 15.Bb2 Bd7
16.a4 Qxb4 17.Reb1 Rab8 18.Ba3 Qa5 19.Bc5 b6 20.Be7 Re8 21.Bxf6 gxf6 22.c5 bxc5
23.dxc5 Rxb1+ 24.Rxb1 Rb8 25.Rxb8+ Bxb8 26.Qb2 Qd8 27.Qd4 e5 28.Qh4 Bf5 29.Be2 Kg7
30.Qc4 a5 31.h3 Qd5 32.Qc3 Bc7 33.g4 Bg6 34.Nh4 Qa2 35.Bd3 Bxd3 36.Qxd3 Qa1+
37.Kg2 Qxa4 38.Nf5+ Kf8 39.Qd7 Qe4+ 40.Kg1 Qe1+ 41.Kg2 Qe4+ 42.Kf1 Qc4+ 43.Kg2 Qc1
44.Kg3  1-0

[Event "FSFMA June"]
[Site "Budapest HUN"]
[Date "2011.06.09"]
[Round "6"]
[White "Hocevar,N"]
[Black "Gulyas,A"]
[Result "1-0"]
[WhiteElo "2034"]
[BlackElo "2026"]

1.c4 c6 2.d4 d5 3.Nf3 e6 4.Nc3 f5 5.Bf4 Nf6 6.e3 Be7 7.h3 O-O 8.Bd3 Ne4 9.Bxe4 fxe4
10.Ne5 Nd7 11.O-O Nxe5 12.Bxe5 Qb6 13.Qc2 Bd7 14.c5 Qd8 15.f3 exf3 16.Rxf3 Rxf3
17.gxf3 b6 18.b4 Bf6 19.Qh2 Qe8 20.Kf2 Qf7 21.Bxf6 Qxf6 22.Qe5 Qh4+ 23.Qg3 Qf6
24.Qf4 Rf8 25.Qxf6 gxf6 26.h4 e5 27.a4 Rb8 28.Rb1 Bf5 29.Rb2 bxc5 30.dxc5 Bd3
31.b5 cxb5 32.Nxb5 Kf8 33.c6 Bc4  1-0

[Event "Djakovacki vezovi Open A"]
[Site "Djakovo CRO"]
[Date "2011.06.10"]
[Round "3.6"]
[White "Ascic,P"]
[Black "Perisic,Ro"]
[Result "1/2-1/2"]
[WhiteElo "2303"]
[BlackElo "2096"]

1.c4 c6 2.Nf3 d5 3.d4 e6 4.Nc3 Bd6 5.Qc2 f5 6.Bg5 Nf6 7.Bxf6 Qxf6 8.cxd5 O-O
9.dxe6 Bxe6 10.e3 Nd7 11.g3 Nb6 12.Bg2 Bc4 13.Nd2 Ba6 14.Bf1 Bxf1 15.Kxf1 Kh8
16.Kg2 Rae8 17.h4 Qg6 18.h5 Qe6 19.Nf3 Nd7 20.Qb3 Qe7 21.Nh4 Qe6 22.Rh3 Rf6
23.Qxb7 Rb8 24.Qxc6 Rxb2 25.Qf3 Nb6 26.a4 Rc2 27.a5 Nc4 28.Nd1 Nd2 29.Qa8+ Rf8
30.Qb7 Rb8 31.Qa6 Qe4+ 32.Kg1 Be7 33.Ng2 Rbc8 34.Ne1  1/2-1/2

[Event "20th ICSC TCh-EUR Club"]
[Site "Liverpool ENG"]
[Date "2011.06.10"]
[Round "3"]
[White "Strzesniewska,Joanna"]
[Black "Grudina,M"]
[Result "1-0"]
[WhiteElo "1718"]
[BlackElo "1891"]

1.c4 c6 2.Nc3 Nf6 3.g3 g6 4.Bg2 Bg7 5.Nf3 O-O 6.O-O d5 7.cxd5 Nxd5 8.Nxd5 cxd5
9.d4 Bg4 10.h3 Bxf3 11.Bxf3 Nc6 12.e3 e6 13.Kg2 Qb6 14.Rh1 Rac8 15.h4 Nb4
16.Bd2 Rc6 17.Bxb4 Qxb4 18.b3 Rfc8 19.a3 Qc3 20.Be2 Qc2 21.Qxc2 Rxc2 22.Rhe1 Rb2
23.Bd1 Rc3 24.b4 b5 25.Re2 Rxe2 26.Bxe2 a6 27.a4 Rc2 28.axb5 axb5 29.Bxb5 Rb2
30.Ra7 Rxb4 31.Be8 e5 32.Bxf7+ Kf8 33.dxe5 Bxe5 34.Bxd5 Bg7 35.Rf7+  1-0

[Event "TCh-BIH 2011"]
[Site "Neum BIH"]
[Date "2011.06.10"]
[Round "7.1"]
[White "Dumpor,A"]
[Black "Urosevic,A"]
[Result "1-0"]
[WhiteElo "2383"]
[BlackElo "2285"]

1.c4 c6 2.Nf3 d5 3.b3 Nf6 4.Bb2 Bf5 5.g3 e6 6.Bg2 Be7 7.O-O O-O 8.d3 h6 9.Nbd2 a5
10.a3 Bh7 11.Qc2 Na6 12.Rfc1 Rc8 13.Ne5 Nd7 14.Ndf3 Ndc5 15.Bh3 f6 16.Ng4 Rb8
17.Ne3 Kh8 18.Bc3 a4 19.bxa4 e5 20.cxd5 cxd5 21.Nf5 Re8 22.Rab1 Bf8 23.Bb4 Qd7
24.g4 Nxa4 25.Bxf8 Rxf8 26.d4 e4 27.N3h4 g5 28.Ng2 Bxf5 29.gxf5 Rfc8 30.Qb3 b5
31.Ne3 Rd8 32.Bg4 Qd6 33.Nf1 Nb6 34.Qh3 Kh7 35.Qh5 Rg8 36.Rxb5 Rg7 37.Ne3 Nc7
38.Rb3 Ra8 39.Kg2 Nc4 40.Nxc4 dxc4 41.Qxh6+ Kg8 42.Rh3 Qf8 43.Rxc4 Nd5 44.e3 Kf7
45.Rc5 Rd8 46.Rc6 Rd6 47.Bh5+ Ke7 48.Rc5 Kd7 49.Rg3 Qg8 50.Bg6 Ne7 51.Qh3 Nxg6
52.fxg6+ Qe6 53.Qh5 Ra6 54.h4 Rxa3 55.Qh8 Qg8 56.Qxg8 Rxg8 57.hxg5 Rxg6 58.gxf6 Rxf6
59.Rg7+ Kd6 60.Rgg5 Ra2 61.Rcf5 Rh6 62.Rg4 Re6 63.Rb5 Ke7 64.Rb7+ Kf6 65.Kg3 Rd2
66.Rbg7 Re8 67.Rg8  1-0

[Event "TCh-SLO"]
[Site "Lasko SLO"]
[Date "2011.06.11"]
[Round "8"]
[White "Mohr,G"]
[Black "Jeric,S"]
[Result "0-1"]
[WhiteElo "2512"]
[BlackElo "2294"]

1.c4 c6 2.e4 d5 3.exd5 cxd5 4.cxd5 Nf6 5.Nc3 Nxd5 6.Bc4 e6 7.Nf3 Be7 8.O-O Nc6
9.d4 O-O 10.a3 a6 11.Qd3 b5 12.Bb3 Bb7 13.Bc2 g6 14.Ne4 Rc8 15.Qe2 Nf6 16.Bh6 Re8
17.Rad1 Nxe4 18.Bxe4 Bf6 19.Qe3 Na5 20.Bxb7 Nxb7 21.Bf4 Nd6 22.Be5 Nf5 23.Qf4 Bg7
24.Rc1 Qd5 25.Bxg7 Kxg7 26.g4 Ne7 27.Ne5 f6 28.Nd3 Nc6 29.Rxc6 Rxc6 30.Qe3 Rd6
31.Rc1 Qxd4 32.Rc7+ Kg8 33.Qf3  0-1

[Event "FSGM June"]
[Site "Budapest HUN"]
[Date "2011.06.12"]
[Round "9"]
[White "Gretarsson,Hj"]
[Black "Szabo,Krisz1"]
[Result "1/2-1/2"]
[WhiteElo "2422"]
[BlackElo "2512"]

1.c4 c6 2.g3 d5 3.Bg2 Nf6 4.Nf3 dxc4 5.a4 Be6 6.Na3 Na6 7.Ng5 Qd7 8.Nxe6 Qxe6
9.Qc2 Nb4 10.Qc3 Nd3+ 11.Kf1 Nxc1 12.Rxc1 g6 13.Nxc4 Bg7 14.Qe3 Qxe3 15.fxe3 O-O
16.Bf3 Nd5 17.b3 Rad8 18.Kf2 e5 19.e4 Nb4 20.Rhd1 f5 21.Kg2 Rd4 22.d3 Bh6
23.Rc3 Na2 24.Rc2 Nb4 25.Rc3 Bg7 26.Ne3 Bh6 27.Nc4 Re8 28.Kf2 Na2 29.Rc2 Nb4
30.Rc3 Re7 31.e3 Rd8 32.Ke2 Bg7 33.Rf1 Red7 34.Rd1 Re7  1/2-1/2

[Event "35th Open"]
[Site "Fourmies FRA"]
[Date "2011.06.12"]
[Round "4.19"]
[White "Smailovic,O"]
[Black "Molin,L"]
[Result "1-0"]
[WhiteElo "2099"]
[BlackElo "1835"]

1.c4 c6 2.d4 d5 3.e3 Nf6 4.Nc3 Bf5 5.Nf3 Ne4 6.Qb3 Nxc3 7.bxc3 b6 8.cxd5 cxd5
9.Bb5+ Bd7 10.Qxd5 Qc7 11.Bxd7+  1-0

[Event "1st Chinese Celebrity"]
[Site "Shenzhen CHN"]
[Date "2011.06.12"]
[Round "1"]
[White "Bu Xiangzhi"]
[Black "Yu Yangyi"]
[Result "1-0"]
[WhiteElo "2662"]
[BlackElo "2646"]

1.c4 c6 2.Nf3 d5 3.e3 Nf6 4.Nc3 g6 5.Be2 Bg7 6.O-O O-O 7.d4 e6 8.b4 Nbd7
9.Qb3 Re8 10.Rd1 b6 11.b5 Bb7 12.bxc6 Bxc6 13.Ba3 dxc4 14.Qxc4 Rc8 15.Qb3 Ne4
16.Nxe4 Bxe4 17.Rac1 Bd5 18.Qa4 Ra8 19.Bb5 a6 20.Bd3 b5 21.Qc2 Rc8 22.Qd2 Nb6
23.Bc5 Na4 24.Bb4 Rxc1 25.Rxc1 Qa8 26.Ne1 e5 27.dxe5 Bxe5 28.Be2 Qb7 29.Ba5 Be6
30.Nd3 Bg7 31.Nf4 Bf5 32.g4 Bc8 33.Nd5 Be6 34.Bf3 Kh8 35.Kg2 Qd7 36.Nc7 Qxd2
37.Bxd2 Rc8 38.Bb7 Rb8 39.Nxe6 fxe6 40.Bxa6 Bb2 41.Rc6 b4 42.Bc4 e5 43.e4 Nc3
44.f3 Kg7 45.Rc7+ Kf8 46.Rxh7 Rb6 47.Rc7 Ke8 48.Bg5 Nb5 49.Re7+ Kf8 50.Rf7+ Ke8
51.Re7+ Kf8 52.Re6 Rxe6 53.Bxe6 Nd4 54.Bc4 Bc3 55.h4 Nc2 56.Kf2 Kg7 57.Bb3 Nd4
58.Be7 Nc6 59.Bd6 Kf6 60.Bd5 Nd8 61.g5+ Kg7 62.Be7 Nf7 63.Ke2 Nh8 64.Bf6+ Kh7
65.Kd1 Bd4 66.f4  1-0

[Event "14th Iraklio's Open"]
[Site "Athens GRE"]
[Date "2011.06.14"]
[Round "4"]
[White "Mitrandzas,A"]
[Black "Gogolis,A"]
[Result "1/2-1/2"]
[WhiteElo "2116"]
[BlackElo "2268"]

1.c4 c6 2.g3 Nf6 3.Bg2 d5 4.Nf3 Bg4 5.Ne5 Be6 6.cxd5 Bxd5 7.Nf3 c5 8.O-O e6
9.Nc3 Bc6 10.d4 Nbd7 11.b3 Be7 12.Bb2 O-O 13.dxc5 Bxc5 14.Na4 Bxa4 15.bxa4 Qe7
16.Qb3 Rac8 17.a5 Rc7 18.Rab1 Rfc8 19.Ne5 Bd6 20.Nxd7 Nxd7  1/2-1/2

[Event "Voronezh Master Open"]
[Site "Voronezh RUS"]
[Date "2011.06.14"]
[Round "3.15"]
[White "Zhigalko,A"]
[Black "Vakhlamov,I"]
[Result "1-0"]
[WhiteElo "2570"]
[BlackElo "2315"]

1.c4 c6 2.e4 d5 3.exd5 cxd5 4.d4 Nf6 5.Nc3 g6 6.cxd5 Bg7 7.Bc4 O-O 8.Nge2 Nbd7
9.Bb3 Nb6 10.Nf4 Bg4 11.f3 Bf5 12.g4 Bd7 13.h4 Ne8 14.h5 Nd6 15.hxg6 fxg6
16.Qd2 Rf7 17.Ne6 Bxe6 18.dxe6 Rxf3 19.Qh2 h5 20.Qg2 hxg4 21.Qxg4 Qf8 22.Bc2 Rf6
23.Bg5 Nf5 24.O-O-O Rc8 25.Qh3 Rxe6 26.Qh7+ Kf7 27.Bxf5 gxf5 28.Qxf5+ Rf6
29.Bxf6 Bxf6 30.Kb1 Ke8 31.Nd5 Rc6 32.Nxf6+ Qxf6 33.Qxf6 Rxf6 34.Rh8+ Kd7
35.Rc1 Nd5 36.Rb8 Rb6 37.a3 Nc7 38.Ka2 a6 39.b4 Nb5 40.Rc4 Nd6 41.Rc5 Ne4
42.Rc2 Nd6 43.d5 Ne8 44.Rc6 Rb5 45.Rc5 Rb6 46.Kb3 Nd6 47.Ka4 Rb5 48.Rg8 b6
49.Rc6 Ne8 50.Rh6 Nc7 51.d6 Ne6 52.Ra8 Re5 53.dxe7 Kxe7 54.Rxa6 b5+ 55.Ka5 Nc7
56.Rh7+ Kd8 57.Rd6+  1-0

[Event "Voronezh Master Open"]
[Site "Voronezh RUS"]
[Date "2011.06.14"]
[Round "3.23"]
[White "Provotorov,I"]
[Black "Demianjuk,A"]
[Result "1-0"]
[WhiteElo "2396"]
[BlackElo "2312"]

1.c4 c6 2.e4 d5 3.exd5 cxd5 4.cxd5 Nf6 5.Nc3 Nxd5 6.Nf3 e6 7.d4 Be7 8.Bd3 Nc6
9.O-O O-O 10.Re1 Re8 11.a3 Nxc3 12.bxc3 Bf6 13.Be4 Bd7 14.Bf4 Rc8 15.Qb1 g6
16.Qxb7 Na5 17.Qxa7 Bb5 18.Be5 Bxe5 19.dxe5 Rxc3 20.a4 Bc6 21.Bxc6 Nxc6 22.Qb7 Qa8
23.Qb2 Qa5 24.Qd2 Kg7 25.Qf4 Qd8 26.Ng5 Qe7 27.Ne4 Rb3 28.Nf6 Rd8 29.Ng4 g5
30.Qc1 Nb4 31.Nf6 h6 32.Qc4 Rdd3 33.Qe4  1-0

[Event "64th ch-RUS HL"]
[Site "Taganrog RUS"]
[Date "2011.06.15"]
[Round "1"]
[White "Shimanov,A"]
[Black "Polschikov,A"]
[Result "1-0"]
[WhiteElo "2583"]
[BlackElo "2395"]

1.c4 c6 2.Nf3 d5 3.e3 Nf6 4.Nc3 Bg4 5.Qb3 Qb6 6.Ne5 Be6 7.d4 Nbd7 8.Nxd7 Nxd7
9.Qxb6 Nxb6 10.c5 Nd7 11.Bd3 g6 12.f3 Bg7 13.Bd2 O-O 14.b4 Bf5 15.Bxf5 gxf5
16.Ne2 e5 17.Bc3 Rfe8 18.Kf2 a5 19.a3 Re6 20.Rhe1 axb4 21.axb4 Rae8 22.Ra7 f4
23.Rxb7 fxe3+ 24.Kf1 Nf8 25.dxe5 Bxe5 26.Bxe5 Rxe5 27.Nd4 Ne6 28.Nxc6 e2+
29.Kg1 Re3 30.Ne7+ Kf8 31.Nxd5 Re5 32.Nf6  1-0

[Event "Teplice Open"]
[Site "Teplice CZE"]
[Date "2011.06.15"]
[Round "5"]
[White "Hlousek,Zdenek"]
[Black "Kastl,Daniel"]
[Result "1/2-1/2"]
[WhiteElo "1823"]
[BlackElo "1639"]

1.c4 c6 2.Nf3 d5 3.b3 Bf5 4.Bb2 e6 5.e3 Nd7 6.d4 Bxb1 7.Qxb1 Qa5+ 8.Nd2 Bb4
9.Qc2 Bxd2+ 10.Qxd2 Qxd2+ 11.Kxd2 Ngf6 12.f3 O-O 13.Bd3 Rfe8 14.h4 e5 15.cxd5 Nxd5
16.g4 exd4 17.exd4 Nf4 18.Rae1 Nxd3 19.Kxd3 f6 20.Re4 Kf7 21.Rhe1 Nb6 22.a3 Nd5
23.Bc1 Re7 24.Rxe7+ Nxe7 25.f4 Nd5 26.Bd2 Re8 27.Rg1 h6 28.g5 hxg5 29.hxg5 f5
30.Rh1 Kg6 31.Rh4  1/2-1/2

[Event "Teplice Open"]
[Site "Teplice CZE"]
[Date "2011.06.15"]
[Round "5"]
[White "Sergeev,Vl"]
[Black "Vavra,P1"]
[Result "1-0"]
[WhiteElo "2507"]
[BlackElo "2363"]

1.c4 c6 2.Nc3 d5 3.cxd5 cxd5 4.d4 Nf6 5.Bf4 Nc6 6.Nf3 Ne4 7.e3 Nxc3 8.bxc3 g6
9.Ne5 Bg7 10.Nxc6 bxc6 11.Qa4 O-O 12.Bd3 Bd7 13.O-O c5 14.Bb5 Bxb5 15.Qxb5 c4
16.Rab1 Re8 17.Rfd1 e6 18.Rb2 g5 19.Bg3 Re7 20.Rdb1 a5 21.Qa4 e5 22.h3 f6
23.Rb5 Rd7 24.Rb8 Rxb8 25.Rxb8 Qxb8 26.Qxd7 Qb1+ 27.Kh2 Qxa2 28.Qe8+ Bf8
29.dxe5  1-0

[Event "1st Forni Open"]
[Site "Forni di Sopra ITA"]
[Date "2011.06.16"]
[Round "6"]
[White "Esserman,M"]
[Black "Stopa,Ja"]
[Result "1/2-1/2"]
[WhiteElo "2439"]
[BlackElo "2460"]

1.c4 c6 2.e4 d5 3.exd5 cxd5 4.d4 Nf6 5.Nc3 g6 6.Qb3 Bg7 7.cxd5 O-O 8.Nge2 Na6
9.g3 Qb6 10.Qxb6 axb6 11.Bg2 Nb4 12.O-O Rd8 13.d6 Rxd6 14.Bf4 Rd7 15.Be5 e6
16.Rfd1 Nc6 17.Rac1 Ne8 18.Bxg7 Kxg7 19.a3 Nf6 20.d5 exd5 21.Nxd5 Nxd5 22.Bxd5 Re7
23.Rd2 Bh3 24.Bg2 Bxg2 25.Kxg2 Na5 26.Nd4 Re5 27.Rc7 Rae8 28.b4 Nc6 29.Rxb7 Nxd4
30.Rxd4 b5 31.Rf4 R8e7 32.Rxe7 Rxe7 33.Kf1 Rc7 34.Ke2 Rc2+ 35.Kd3 Ra2 36.Kd4 Rxa3
37.Kc5 g5 38.Rd4 Ra2 39.Kxb5 Rxf2 40.h4 f5 41.hxg5 Rf3 42.Rf4 Rxg3 43.Rxf5 Kg6
44.Rd5 Rxg5 45.Kc6 h5 46.b5 h4 47.Rd1 Kf5 48.b6 Rg6+ 49.Kc5 Rxb6 50.Kxb6 Kf4
51.Kc5 h3 52.Kd4 h2 53.Rf1+ Kg3 54.Ke3 Kg2 55.Rh1 Kxh1 56.Kf2  1/2-1/2

[Event "Teplice Open"]
[Site "Teplice CZE"]
[Date "2011.06.17"]
[Round "7"]
[White "Friml,A"]
[Black "Majerik,V"]
[Result "1-0"]
[WhiteElo "2124"]
[BlackElo "1974"]

1.c4 c6 2.d4 d5 3.e3 Nf6 4.Nf3 Bg4 5.Nbd2 e6 6.Be2 Nbd7 7.O-O Bd6 8.b3 O-O
9.Bb2 Rc8 10.Ne5 Bxe2 11.Qxe2 Ne4 12.f4 Nxd2 13.Qxd2 f5 14.c5 Be7 15.b4 Nxe5
16.dxe5 Qe8 17.Bd4 Qh5 18.Rfc1 Ra8 19.a4 Rfb8 20.Rab1 Qe8 21.Rc2 Qc8 22.Qe2 a6
23.g4 g6 24.gxf5 gxf5 25.Qh5 Qe8 26.Rg2+ Kh8 27.Qxf5 Qg8 28.Qh5 Qe8 29.Qxe8+ Rxe8
30.f5 Rg8 31.f6 Rxg2+ 32.Kxg2 Bf8 33.Kf3 Kg8 34.b5 axb5 35.axb5 Ra7 36.bxc6 bxc6
37.Rb6 Rc7 38.Ke2 Kf7 39.Kd3 Ke8 40.Kc3 Kd7 41.Kb4 Kc8 42.Kc3 Kd7 43.Kd3 Rc8
44.Rb2 Rc7 45.Ke2 Ke8 46.Kf3 Kd7 47.Kg4 Ke8 48.Kh5 Kf7 49.Rb8 Kg8 50.Kg5 Kf7
51.h4 Kg8 52.h5 Kf7 53.Kf4 Bh6+ 54.Kf3 Bf8 55.Ke2 Ra7 56.Rc8 Ra6 57.Rc7+ Kg8
58.Kf3 Kh8 59.h6 Kg8 60.f7+  1-0

[Event "14th Iraklio's Open"]
[Site "Athens GRE"]
[Date "2011.06.18"]
[Round "8"]
[White "Moutousis,K"]
[Black "Gogolis,A"]
[Result "1/2-1/2"]
[WhiteElo "2450"]
[BlackElo "2268"]

1.c4 c6 2.e4 e5 3.Nf3 d6 4.d4 Bg4 5.Be2 Nd7 6.Nc3 Be7 7.d5 Bxf3 8.Bxf3 c5
9.g3 a6 10.h4 g6 11.Bg2 h5 12.Bh3 Ngf6 13.Qa4 Kf8 14.f3 Kg7 15.Be3 Qc7 16.Qc2 b5
17.cxb5 axb5 18.Nxb5 Qa5+ 19.Nc3 Rhb8 20.Kf2 Rb4 21.Bf1 Bd8 22.Kg2 Bb6 23.Be2 c4
24.Bd2 Qc5 25.Nd1 Rba4 26.a3 Qc7 27.Rc1 Bd4 28.Bxc4 Nc5 29.Bb5 R4a7 30.Bc6 Rb8
31.b4 Rxa3 32.bxc5 Rbb3 33.cxd6 Qxd6 34.Rf1 Qb8 35.Qc4 Nxe4 36.Rc2 Qc8 37.Qe2 Nxg3
38.Ba4 Qf5 39.Kxg3 Qg4+ 40.Kh2 Rxf3 41.Rxf3 Rxf3 42.Qxf3 Qxf3 43.Ra2 e4 44.Be1 Be5+
45.Kg1 Bd4+ 46.Kh2 Be5+ 47.Kg1 Bd4+ 48.Kh2 Be5+ 49.Kg1  1/2-1/2

[Event "e2e4 Gatwick Open"]
[Site "London ENG"]
[Date "2011.06.19"]
[Round "5"]
[White "Wadsworth,Matthew J"]
[Black "Therrien,A"]
[Result "1/2-1/2"]
[WhiteElo "1944"]
[BlackElo "2251"]

1.c4 c6 2.g3 d5 3.cxd5 cxd5 4.d4 Nf6 5.Bg2 Nc6 6.Nc3 Bf5 7.Nf3 e6 8.a3 h6
9.O-O Be7 10.Bf4 O-O 11.Rc1 Rc8 12.Ne5 Na5 13.b4 Nc4 14.Nxc4 Rxc4 15.Nb5 Rxc1
16.Qxc1 a6 17.Nc3 Qd7 18.Qd2 Rc8 19.Rc1 Rc4 20.Bf1 a5 21.e4 Nxe4 22.Nxe4 Rxc1
23.Qxc1 Bxe4 24.bxa5 Qa4 25.Bg2 Bxg2 26.Kxg2 Qxa3 27.Qc8+ Bf8 28.Bc7 Qb4
29.Bb6 Kh7 30.Qxb7 Kg6 31.a6 Qb1 32.Bc5 Qe4+ 33.Kf1 Qd3+ 34.Kg1 Bxc5 35.dxc5 e5
36.h4 Qd1+ 37.Kg2 e4 38.h5+ Kf6 39.Qb5 Qf3+ 40.Kg1 e3 41.Qb2+ Ke6 42.fxe3 Qxg3+
43.Kf1 Qh3+ 44.Ke1 Qg3+ 45.Kd1 Qg1+ 46.Kc2 Qf2+ 47.Kb3 Qxe3+ 48.Qc3 Qe2 49.a7 Qa6
50.Qh3+ f5  1/2-1/2

[Event "25th Open Pula"]
[Site "Pula CRO"]
[Date "2011.06.19"]
[Round "2.6"]
[White "Antal,Ge"]
[Black "Kolesar,Mil"]
[Result "1-0"]
[WhiteElo "2530"]
[BlackElo "2163"]

1.c4 c6 2.e4 d5 3.exd5 cxd5 4.cxd5 Nf6 5.Qa4+ Nbd7 6.Nc3 g6 7.Nf3 Bg7 8.Bc4 O-O
9.d3 a6 10.Qa3 Nb6 11.Qb3 Nxc4 12.dxc4 e6 13.O-O b5 14.cxb5 Nxd5 15.Nxd5 Qxd5
16.Qxd5 exd5 17.b6 Rb8 18.Be3 Bxb2 19.Rab1 Bf6 20.Rfc1 Rb7 21.Bd4 Bxd4 22.Nxd4 Bd7
23.f3 Kg7 24.Rc5 Be6 25.a4 Kf6 26.a5 Ke5 27.Nb3 Kd6 28.Rbc1 Rfb8 29.Rc6+ Kd7
30.R6c3 Ke8 31.Nc5  1-0

[Event "1st Roszke GM"]
[Site "Roszke HUN"]
[Date "2011.06.19"]
[Round "2.2"]
[White "Kosanovic,G"]
[Black "Papp,Petra"]
[Result "1/2-1/2"]
[WhiteElo "2383"]
[BlackElo "2230"]

1.c4 c6 2.d4 d5 3.Nc3 e6 4.cxd5 exd5 5.Nf3 Nf6 6.Bg5 h6 7.Bxf6 Qxf6 8.Rc1 Nd7
9.e3 Bd6 10.Bd3 Qe7 11.O-O Nf6 12.e4 dxe4 13.Nxe4 Nxe4 14.Bxe4 O-O 15.Re1 Qf6
16.Ne5 Be6 17.Rc3 Rfd8 18.Rf3 Bxe5 19.Rxf6 Bxf6 20.Bb1 Rxd4 21.Qc2 Rad8 22.g3 Rd2
23.Qh7+ Kf8 24.Bf5 Bd4 25.Bxe6 Bxf2+ 26.Kf1 Bxe1 27.Bb3 Bf2 28.Qg8+ Ke7 29.Qxg7 Bb6
30.Qxf7+ Kd6 31.Qf4+ Ke7 32.Qe5+ Kd7 33.Be6+ Ke7 34.Bf5+ Kf7 35.Qe6+ Kf8
36.Qxh6+ Ke7 37.Qe6+ Kf8 38.Qf6+ Ke8 39.Ke1 Bf2+ 40.Kf1 Bb6 41.Qe5+ Kf8 42.Qh8+ Kf7
43.Qh7+ Kf6 44.Qg6+ Ke7 45.Qe6+ Kf8 46.Qf6+  1/2-1/2

[Event "61st ch-RUS HL w"]
[Site "Taganrog RUS"]
[Date "2011.06.19"]
[Round "4"]
[White "Vasilevich,I"]
[Black "Romanko,M"]
[Result "0-1"]
[WhiteElo "2342"]
[BlackElo "2387"]

1.c4 c6 2.Nc3 d5 3.e3 Nf6 4.Nf3 e6 5.b3 Nbd7 6.Qc2 b6 7.Bb2 Bb7 8.Be2 Rc8
9.h3 Be7 10.g4 O-O 11.g5 Ne8 12.Rg1 e5 13.h4 b5 14.Nd1 e4 15.Nd4 bxc4 16.Nf5 Nc5
17.bxc4 Nd3+ 18.Bxd3 exd3 19.Qc3 f6 20.Qb3 fxg5 21.Nxe7+ Qxe7 22.cxd5 Rf7
23.Qxd3 gxh4 24.Nc3 cxd5 25.Ne2 d4 26.Nxd4 h3 27.Nf5 Qe6 28.Ng3 h2 29.Rf1 Ba6
30.Qb3 Bc4 31.Qa4 Bxf1 32.Kxf1 Qh3+ 33.Ke2 Qg2 34.Rf1 Qf3+ 35.Kd3 Qd5+ 36.Bd4 Nf6
37.f3 Nh5 38.Ne4 Rxf3 39.Qa6 Nf4+  0-1

[Event "61st ch-RUS HL w"]
[Site "Taganrog RUS"]
[Date "2011.06.20"]
[Round "5"]
[White "Gunina,V"]
[Black "Ovod,E"]
[Result "1-0"]
[WhiteElo "2487"]
[BlackElo "2404"]

1.c4 c6 2.Nf3 d5 3.e3 Nf6 4.Nc3 e6 5.Qc2 Nbd7 6.b3 Bd6 7.Bb2 O-O 8.Be2 dxc4
9.bxc4 e5 10.d4 exd4 11.exd4 Re8 12.O-O Nf8 13.Rae1 Bg4 14.c5 Bf4 15.Ne5 Bxe5
16.dxe5 Rxe5 17.Bxg4 Rxe1 18.Rxe1 Nxg4 19.Ne4 Qc7 20.Nd6 Ne6 21.h3 Nh6 22.Bc1 b6
23.Bxh6 gxh6 24.Qc3 bxc5 25.Nf5 Qf4 26.Qf6 Rb8 27.g3  1-0

[Event "Voronezh Master Open"]
[Site "Voronezh RUS"]
[Date "2011.06.21"]
[Round "9.24"]
[White "Zakharchenko,A"]
[Black "Duzhakov,I"]
[Result "1/2-1/2"]
[WhiteElo "2192"]
[BlackElo "2347"]

1.c4 c6 2.Nf3 Nf6 3.Nc3 d5 4.e3 Nbd7 5.d4 e6 6.Qc2 Bd6 7.Be2 O-O 8.O-O dxc4
9.Bxc4 a6 10.a3 b5 11.Ba2 Qe7 12.e4 e5 13.h3 h6 14.Be3 Re8 15.Rad1 Bb7 16.Nh4 exd4
17.Nf5 Qf8 18.Nxd6 Qxd6 19.Bxd4 Qe7 20.Rfe1 c5 21.Bxf6 Nxf6 22.e5 Nh7 23.Ne4 Bxe4
24.Qxe4 Ng5 25.Qc6 c4 26.Rd7 Qe6 27.Rd6 Qf5 28.Bb1 Qf4 29.Qd5 h5 30.Bg6 h4
31.Bh5 Ra7 32.Bg4 Rae7 33.Rd8 Kh7 34.Rxe8 Rxe8 35.Bd7 Rf8 36.Re3 Kg8 37.Qc6 Qd4
38.e6 fxe6 39.Bxe6+ Kh8 40.Qd5 Qf6 41.Re2 Qf4 42.Bg4 Kh7 43.Qc5 Rf6 44.Qe5 Qxe5
45.Rxe5 Nf7 46.Rc5 Rd6 47.a4 Rd2 48.axb5 axb5 49.Rxb5 Nd6  1/2-1/2

[Event "64th ch-RUS HL"]
[Site "Taganrog RUS"]
[Date "2011.06.22"]
[Round "7"]
[White "Chadaev,N"]
[Black "Goganov,A"]
[Result "1/2-1/2"]
[WhiteElo "2577"]
[BlackElo "2480"]

1.c4 c6 2.Nf3 d5 3.d4 Nf6 4.Nc3 dxc4 5.a4 Bf5 6.e3 e6 7.Bxc4 Bb4 8.O-O Nbd7
9.Qe2 Bg4 10.h3 Bh5 11.Rd1 O-O 12.e4 Qc7 13.e5 Nd5 14.Nxd5 exd5 15.Bd3 f6
16.e6 Rfe8 17.Bxh7+ Kh8 18.Bf5 Nf8 19.Bg4 Bxg4 20.hxg4 Rxe6 21.Qd3 Rae8 22.g5 Qf7
23.Bf4 Re4 24.Bg3 Qg6 25.a5 fxg5 26.Qb3 Bd6 27.Bxd6 Qxd6 28.Qxb7 R4e7 29.Qa6 g4
30.Ne5 g3 31.Qxc6 gxf2+ 32.Kxf2 Qxc6 33.Nxc6 Re2+ 34.Kg3 R8e3+ 35.Kh2 Ng6
36.Ra3 Re6 37.Ne5 Nxe5 38.dxe5 R6xe5 39.b4 Rb2 40.Rd4 Kg8 41.Rad3 Re4 42.Rxd5 Rh4+
43.Rh3 Rxh3+ 44.Kxh3 Rxb4 45.Rd7 Ra4 46.Rxa7 Kh7 47.Ra6 g6 48.g4 g5 49.Ra7+ Kg6
50.a6 Ra3+ 51.Kg2 Ra4 52.Kf3 Rf4+ 53.Kg3 Ra4 54.Ra8 Kg7  1/2-1/2